| 000 | 00532cam a2200217 a 4500 | ||
|---|---|---|---|
| 001 | 511586 | ||
| 005 | 20180201042649.0 | ||
| 008 | 850612s1980 enk b 001 0 eng c | ||
| 010 | _a 85672758 | ||
| 020 | _a0333273451 | ||
| 040 |
_aMH _cMH _dDLC |
||
| 041 | _aeng | ||
| 080 | _a301 | ||
| 082 | _2301 REI | ||
| 100 | 1 | _a19 | |
| 101 | _aSHP | ||
| 245 | 1 | 0 |
_aGalbraith and market capitalism / _cDavid Reisman. |
| 504 | _aBibliography: p. 175-177. | ||
| 906 |
_a7 _bcbc _corignew _du _encip _f19 _gy-gencatlg |
||
| 942 |
_2ddc _cBK |
||
| 999 |
_c41490 _d41490 |
||